How to lead Bible studies / (Record no. 5969)

MARC details
000 -LEADER
fixed length control field 00532nam a22001817a 4500
003 - CONTROL NUMBER IDENTIFIER
control field GBCCL
005 - DATE AND TIME OF LATEST TRANSACTION
control field 20241126110553.0
008 - FIXED-LENGTH DATA ELEMENTS--GENERAL INFORMATION
fixed length control field 180419b ||||| |||| 00| 0 eng d
040 ## - CATALOGING SOURCE
Transcribing agency gbc
082 ## - DEWEY DECIMAL CLASSIFICATION NUMBER
Classification number 220.6
Item number MAG
100 ## - MAIN ENTRY--PERSONAL NAME
Personal name Magalit, Leticia A.
9 (RLIN) 10781
245 ## - TITLE STATEMENT
Title How to lead Bible studies /
Statement of responsibility, etc. Leticia A. Magalit
250 ## - EDITION STATEMENT
Edition statement 6th Printing
260 ## - PUBLICATION, DISTRIBUTION, ETC.
Place of publication, distribution, etc. Philippines:
Name of publisher, distributor, etc. Inter-Varsity Christian Fellowship,
Date of publication, distribution, etc. 1978
300 ## - PHYSICAL DESCRIPTION
Extent 75 p.;
Other physical details ill.,
Dimensions 21 cm.
650 ## - SUBJECT ADDED ENTRY--TOPICAL TERM
Topical term or geographic name entry element Bible
Form subdivision Criticism, Interpretation, etc.
9 (RLIN) 10044
942 ## - ADDED ENTRY ELEMENTS (KOHA)
Source of classification or shelving scheme Dewey Decimal Classification
Koha item type Books
Holdings
Withdrawn status Lost status Source of classification or shelving scheme Damaged status Not for loan Home library Current Library Shelving location Date acquired Total checkouts Full call number Barcode Date last seen Copy number Price effective from Koha item type
    Dewey Decimal Classification     GRACE BIBLE COLLEGE GRACE BIBLE COLLEGE Biblical Studies 2018-04-19   220.6 MAG 005464 2025-05-01 c.1 2018-04-19 Books
© Grace Bible College Library 2025